00484 2200181 4500001002100000005001500021008004100036035001900077041000600096082001000102090001600112100001300128700001700141245007300158260002800231300003100259650001200290INLIS00000000000536920220310122242220310||||||||| | ||| |||| ||  0010-0322000145 ai0 a582.4 a582.4 DAR p0 aDarjanto0 aSiti Satifah00aPengetahuan Dasar Biologi Bunga dan Teknik Penyerbukan Silang Buatan aJakartabGramediac1987 axii + 156 hlm.; 14 x 21 cm 0aBiologi